000 00945naa a2200157 i 4500
001 9198
003 KOSZ 005
005 20180320125537.0
008 180320s2012 pl ||||| |||| 00| 0 pol d
040 _aKOSZ 005/HR
_cKOSZ 005/HR
100 _aZAWADZKA, Danuta.
_bPolitechnika Koszalińska - Instytut Ekonomii i Zarządzania,
_cZakład Finansów
_d2007-2011.
245 _aBariery płynności finansowej przedsiębiorstw handlowych - ujęcie modelowe /
_cDanuta Zawadzka, Roman Ardan.
490 1 _a Ekonomiczne Problemy Usług ;
_vnr 81
773 0 _iW :
_tFinanse i rachunkowość w zarządzaniu współczesnym przedsiębiorstwem : teoria i praktyka / red. nauk. Andrzej Jackiewicz. -
_dBrodnica ; Łódź : Wydaw. Wyższej Szkoły Przedsiębiorczości i Zarządzania, 2011. -
_gs. 291-301.
_kPrzedsiębiorczość i Zarządzanie - Społeczna Wyższa Szkoła Przedsiębiorczości i Zarządzania w Łodzi ; t. 12 z.13.
_x1733-2486
942 _2UKD
_cROZ
999 _c9198
_d9198